000 00622cam a22002054a 4500
005 20250605164119.0
008 250528s ||||||||||||||||||||||||d
035 _a18196
020 _a960405354
040 _aGR-AtMCL
_bgre
_dGR-AtMCL
_eAACR2
245 1 _aΕντολές και Συναρτήσεις του Lotus 1-2-3 / β' Έκδοση
250 _a
260 _bΊων,
_c1992
300 _a128
520 _aΕντολές - Συναρτήσεις - Μακροεντολές - Γραφήματα.
700 1 _aΦραγκοπούλου Σ
_94487
942 _cBK
999 _c3574
_d3574